000
00336nam a2200133Ia 4500
008
150201s2014 xx 000 0 und d
082
_a
616.0707
_b
S2012R
100
_a
RAJENDRAN ,R
245
_a
SHAFERS TEXT BOOK OF ORAL PATHOLOGY
250
_a
7TH
260
_b
ELSEVIER PUBLICATION
650
_a
ORAL PATHOLOGY
942
_2
ddc
_c
BK
_0
15
999
_c
4861
_d
4861